000 00393nam a22001697a 4500
999 _c10546
_d10546
003 OSt
008 210303b ||||| |||| 00| 0 eng d
020 _a9789352605354
100 _aTRIPATHI, P.C.
245 _aPrinciples of Management
250 _a6th ed.
260 _aNew Delhi
_bMc Graw Hill
_c2019
300 _a476
650 _aB.Com
700 _aREDDY, P N
942 _2ddc
_cBK
_033